Antología de novelas de anticipación: primera selección

Saved in:
書目詳細資料
格式: 圖書
語言:西班牙语
出版: Barcelona Acervo 1963
主題:
標簽: 添加標簽
沒有標簽, 成為第一個標記此記錄!

MARC

LEADER 00000nam a2200000 a 4500
001 UCZ7645
003 CL-VaPUC
008 960105e19630000SP |||||||||||||||||spa|d
082 0 4 |a 823  |b ANT  |2 21 
245 1 0 |a Antología de novelas de anticipación: primera selección 
300 |a 410 p 
942 |c BK 
945 |d 19960105 00:00:00  |a lriquelm 
260 |a Barcelona  |b Acervo  |c 1963 
650 0 |a Novelas inglesas  |9 265220 
650 0 |a Literatura inglesa  |9 312907 
583 |a last modification  |c 19960105 00:00:00  |k Rodrigo Vera 
999 |c 243696  |d 243694 
952 |0 0  |1 0  |4 0  |6 823_000000000000000_ANT_1963  |7 0  |8 A  |9 257468  |a BIBEDU  |b BIBEDU  |d 2019-11-19  |i 1612913  |o 823 ANT 1963  |p 1612913  |r 2019-11-19  |w 2019-11-19  |y BK  |k EDU